Establishment of Sugbang Pinoy Resto in Rizal Boulevard along San Jose Street, Dumaguete City / (Record no. 5847)

MARC details
000 -LEADER
fixed length control field 03727nam a22003737a 4500
003 - CONTROL NUMBER IDENTIFIER
control field OSt
005 - DATE AND TIME OF LATEST TRANSACTION
control field 20260428172114.0
008 - FIXED-LENGTH DATA ELEMENTS--GENERAL INFORMATION
fixed length control field 260428b |||||||| |||| 00| 0 eng d
040 ## - CATALOGING SOURCE
Original cataloging agency Foundation University
Language of cataloging eng
Transcribing agency Foundation University
Description conventions rda
050 ## - LIBRARY OF CONGRESS CALL NUMBER
Classification number CHM (HRM-FS) LG 221 D35 H67
Item number A5 H68 2013 A43
100 ## - MAIN ENTRY--PERSONAL NAME
Personal name Albina, Maricel B.
9 (RLIN) 7586
Relator term author.
245 ## - TITLE STATEMENT
Title Establishment of Sugbang Pinoy Resto in Rizal Boulevard along San Jose Street, Dumaguete City /
Statement of responsibility, etc. by Precy Diane Almendras, Anabisa Bentazal, Geraldine Herrera, and [others.]
260 ## - PUBLICATION, DISTRIBUTION, ETC.
Place of publication, distribution, etc. Dumaguete City :
Name of publisher, distributor, etc. Foundation University,
Date of publication, distribution, etc. 2014.
264 ## - PRODUCTION, PUBLICATION, DISTRIBUTION, MANUFACTURE, AND COPYRIGHT NOTICE
Copyright Date 2014.
300 ## - PHYSICAL DESCRIPTION
Extent xii, 130 leaves :
Other physical details ill. (col.)
Dimensions 28 cm
Materials specified Thesis
Type of unit leaves
336 ## - CONTENT TYPE
Source rdacontent
Content type term text
Content type code txt
337 ## - MEDIA TYPE
Source rdamedia
Media type term unmediated
Media type code n
338 ## - CARRIER TYPE
Materials specified thesis
Carrier type term volume
Carrier type code nc
502 ## - DISSERTATION, THESIS NOTE
Linkage Thesis Undergraduate (BS in Hospitality Management Major in Hotel and Restaurant Management) -- Foundation University, Dumaguete City, 2013.
504 ## - BIBLIOGRAPHY, ETC. NOTE
Bibliography, etc. note Includes bibliographical references and appendices.
520 ## - ABSTRACT, SUMMARY, ETC.
Abstract, Summary, etc. ABSTRACT<br/>It was the objective of the study to determine the viability and feasibility of<br/>the establishing Bluemoon Drive-Inn Motel at Banilad Dumaguete City. The<br/>specific areas that are considered this study are the following: (1) the marketing<br/>feasibility of the proposed project; (2) the technical feasibility of the proposed<br/>project; (3) the financial viability of the proposed project; (4) the appropriate<br/>management structure; and (5) the socio-economic desirability of the proposed<br/>project. The name of the proposed project is Bluemoon Drive-Inn Motel.<br/>The researchers used a convenience random sampling with 400<br/>respondents. The study made use of survey questionnaire as an instrument in<br/>data collection from Dumaguete City and its neighboring municipalities such as<br/>Bacong and Sibulan. The prepared questionnaires were distributed to the<br/>respondents.<br/>The study revealed that the proposed project is viable from marketing,<br/>technica, management, financial and socio-economic point of view.<br/>The<br/>proposed project has a market since 79.75% of the respondents' supports or<br/>believed of operating the said business in the city. It is technically feasible since<br/>the resources are readily available. The business has an appropriate<br/>management structure which composed of 23 employees. The business is said<br/>to be feasible in the financial point of view since it is found to be profitable. The<br/>business can recover its initial investment in a 3 years and 8 days time. The<br/>business will generate employment in the city of Dumaguete, meet the needs<br/>and wants of the employees and as well as the needs and wants of the residents<br/>of Dumaguete, cater to local people and create added income to the government
521 ## - TARGET AUDIENCE NOTE
Target audience note Bachelor of Science in Hospitality Management Major in Hotel and Restaurant Management
650 ## - SUBJECT ADDED ENTRY--TOPICAL TERM
Topical term or geographic name entry element Motels
9 (RLIN) 9366
Geographic subdivision Philippines.
-- Dumaguete City
General subdivision Planning.
650 ## - SUBJECT ADDED ENTRY--TOPICAL TERM
Topical term or geographic name entry element Hospitality industry
Geographic subdivision Philippines
General subdivision Management.
9 (RLIN) 14561
650 ## - SUBJECT ADDED ENTRY--TOPICAL TERM
Topical term or geographic name entry element Lodging houses
General subdivision Design and construction.
9 (RLIN) 15405
Geographic subdivision Philippines
650 ## - SUBJECT ADDED ENTRY--TOPICAL TERM
Topical term or geographic name entry element Feasibility studies
General subdivision Tourism
9 (RLIN) 9366
Geographic subdivision Philippines.
650 ## - SUBJECT ADDED ENTRY--TOPICAL TERM
Topical term or geographic name entry element Small business enterprises
Geographic subdivision Philippines
General subdivision Planning.
9 (RLIN) 15644
658 ## - INDEX TERM--CURRICULUM OBJECTIVE
Main curriculum objective Research in Tourism & Hospitality :
Subordinate curriculum objective Hospitality Management Major in Hotel and Restaurant Management, Bachelor of Science. ;
Curriculum code HOSM 404
700 ## - ADDED ENTRY--PERSONAL NAME
Personal name Darong, Mark Jeiver O.
Dates associated with a name co-author
9 (RLIN) 7587
700 ## - ADDED ENTRY--PERSONAL NAME
Personal name Grancapal, Christine C.
Relator term co-author
9 (RLIN) 15406
700 ## - ADDED ENTRY--PERSONAL NAME
Personal name Malinao, Jandra May B.
Relator term co-author
9 (RLIN) 15407
700 ## - ADDED ENTRY--PERSONAL NAME
Personal name Rosano, Moisesa B.
Relator term co-author
9 (RLIN) 15792
942 ## - ADDED ENTRY ELEMENTS (KOHA)
Source of classification or shelving scheme Library of Congress Classification
Koha item type Capstone
Classification part LG 221 D35 H67
Item part A5 H68 2013 A43
Call number prefix CHM (HRM-FS)
Suppress in OPAC No
Holdings
Withdrawn status Lost status Source of classification or shelving scheme Damaged status Not for loan Home library Current library Shelving location Date acquired Source of acquisition Total Checkouts Full call number Barcode Date last seen Price effective from Koha item type Accession Number
    Library of Congress Classification     Foundation University Library Foundation University Library Undergraduate Thesis 04/28/2026 Donated   CHM (HRM-FS) LG 221 D35 H67 A5 H68 2013 A43 57133 04/28/2026 04/28/2026 Feasibility Study HRM-FS-2026010